Twenty-Second Report of the Appointment Committee On H.E The President's Nominations For Appointment As Deputy Ministers And District Assembly Common Fund Administrator (Record no. 5112)
[ view plain ]
| 000 -LEADER | |
|---|---|
| fixed length control field | 00738nam a22001697a 4500 |
| 003 - CONTROL NUMBER IDENTIFIER | |
| control field | OSt |
| 005 - DATE AND TIME OF LATEST TRANSACTION | |
| control field | 20250909130532.0 |
| 008 - FIXED-LENGTH DATA ELEMENTS--GENERAL INFORMATION | |
| fixed length control field | 250304b |||||||| |||| 00| 0 eng d |
| 041 ## - LANGUAGE CODE | |
| Language code of text/sound track or separate title | English |
| 082 ## - DEWEY DECIMAL CLASSIFICATION NUMBER | |
| Classification number | CR/DM/11 Acc. No. 10,902 |
| 110 ## - MAIN ENTRY--CORPORATE NAME | |
| Corporate name or jurisdiction name as entry element | Appointment Committee |
| 245 ## - TITLE STATEMENT | |
| Title | Twenty-Second Report of the Appointment Committee On H.E The President's Nominations For Appointment As Deputy Ministers And District Assembly Common Fund Administrator |
| 260 ## - PUBLICATION, DISTRIBUTION, ETC. | |
| Place of publication, distribution, etc. | Accra |
| Name of publisher, distributor, etc. | Parliament Of Ghana |
| Date of publication, distribution, etc. | March 2011 |
| 300 ## - PHYSICAL DESCRIPTION | |
| Extent | 17P |
| 653 ## - INDEX TERM--UNCONTROLLED | |
| Uncontrolled term | Appointment As Deputy Ministers And District Assembly Common Fund Administrator; Hon. Aquinas Quansah, Hon. Ernest Attuquaye Armah, Ms. Emelia Arthur, Mr. Ebenezer Okletey Terlabi |
| 942 ## - ADDED ENTRY ELEMENTS (KOHA) | |
| Source of classification or shelving scheme | Dewey Decimal Classification |
| Koha item type | Committee Reports |
| Suppress in OPAC | No |
| Withdrawn status | Lost status | Source of classification or shelving scheme | Damaged status | Not for loan | Home library | Current library | Shelving location | Date acquired | Total checkouts | Full call number | Date last seen | Copy number | Price effective from | Koha item type |
|---|---|---|---|---|---|---|---|---|---|---|---|---|---|---|
| Dewey Decimal Classification | Main Library | Main Library | Open Shelves | 04/03/2025 | CR/DM/11 Acc. No. 10,902 | 04/03/2025 | 1 | 04/03/2025 | Committee Reports |